| 000 | 00899nam a2200265 a 4500 | ||
|---|---|---|---|
| 001 | 000013944 | ||
| 003 | DO-SdBNP | ||
| 005 | 20240412074240.0 | ||
| 007 | ta | ||
| 008 | 091202s1995 dr a 000 p spa d | ||
| 040 |
_aDO-SdBNP _bspa _cBNPHU |
||
| 082 | 4 |
_aRD861.44 _bU75b _222 |
|
| 100 | 1 |
_aUreña, Dulce _926414 |
|
| 245 | 1 | 0 |
_aBabonucos / _cDulce Ureña ; ilustración interior y portada Luz Severino. |
| 260 |
_aSanto Domingo : _bMujer y Escritura, _c1995. |
||
| 300 |
_a98 p. : _bil. ; _c23 cm. |
||
| 500 | _aIncluye datos biográficos de la autora en la solapa de la cubierta. | ||
| 504 | _aIncluye referencias bibliográficas y notas al pie de las páginas. | ||
| 590 | _aInventariado, 2021/BT | ||
| 650 | 4 |
_aPoesía dominicana _966 |
|
| 650 | 0 |
_aLiteratura dominicana. _967 |
|
| 700 | 1 |
_aSeverino, Luz, _eil. _931600 |
|
| 910 | _aValidado. Control de calidad MFF | ||
| 942 |
_2ddc _cLBS1 |
||
| 999 |
_c13549 _d13549 |
||